000 00494nam a2200181Ia 4500
005 20250326141355.0
008 250326s9999 xx 000 0 und d
037 _aTextbook
040 _aFMSL
_beng
_cFMSL
041 _aeng
_2eng
084 _qFMSL
100 _aBhagwati Jagdish
245 0 _aPolitical economy and International economics
_cBhagwati Jagdish
260 _acombridge Ma
_bcombridge Ma, MIT press,
_c1991
300 _a576p
942 _cTB
999 _c1290008
_d1290008